The battle of the boards (Record no. 84262)

MARC details
000 -LEADER
fixed length control field 00751cab a22001935a 4500
001 - CONTROL NUMBER
control field L157114
008 - FIXED-LENGTH DATA ELEMENTS--GENERAL INFORMATION
fixed length control field 120903e2012 xxk 000 0 eng d
035 ## - SYSTEM CONTROL NUMBER
System control number (Sirsi) u157114
041 0# - LANGUAGE CODE
Language code of text/sound track or separate title eng
245 04 - TITLE STATEMENT
Title The battle of the boards
260 ## - PUBLICATION, DISTRIBUTION, ETC.
Date of publication, distribution, etc. 2012
490 ## - SERIES STATEMENT
Series statement The Negotiator
Volume/sequential designation September 2012, 23-26(4)
520 ## - SUMMARY, ETC.
Summary, etc. Discusses the use of For Sale and To Let boards as a marketing tool for estate and letting agents. QR codes on boards allow users of smart phones to scan the code to bring up details and photographs about the property on their phones.
590 ## - LOCAL NOTE (RLIN)
Local note KA
650 24 - SUBJECT ADDED ENTRY--TOPICAL TERM
Topical term or geographic name entry element TOWN AND COUNTRY PLANNING (CONTROL OF ADVERTISEMENTS) (ENGLAND) REGULATIONS 2007
651 #4 - SUBJECT ADDED ENTRY--GEOGRAPHIC NAME
Geographic name England
690 ## - LOCAL SUBJECT ADDED ENTRY--TOPICAL TERM (OCLC, RLIN)
Topical term or geographic name as entry element Residential property
9 (RLIN) 6266
942 ## - ADDED ENTRY ELEMENTS (KOHA)
Suppress in OPAC 0
Holdings
Withdrawn status Lost status Source of classification or shelving scheme Damaged status Not for loan Home library Current library Shelving location Date acquired Total Checkouts Full call number Barcode Date last seen Copy number Price effective from Koha item type
    Dewey Decimal Classification     London London Journal article 03/09/2012   L157114 157114-1001 06/08/2019 1 06/08/2019 Journal article